000 00574nam a2200205 4500
001 4632
005 20230410124134.0
008 060907n1992 dr spa
020 _a0871061880
035 _9funglode4668
041 _aEN
050 1 4 _aNA 735 S728b 1992
100 _aSouthworth, Susan
245 1 4 _aThe Boston Society of Architects :
_bAIA guide to Boston /
_cby Michael and Susan Southworth
250 _a2
260 _aGuilford :
_bThe Globe Pequot Press,
_c1992
300 _axvi, 522 p.
700 _aSouthworth, Michael
942 _2lcc
_cbk
999 _c71771
_d71771